00979 2200325 4500001002100000005001500021035002000036007000300056008004100059020002200100040002200122082001500144084001700159090002200176100004600198245006600244250003400310300002900344650001900373850001200392041001300404504002900417264003800446336002100484337003000505338002300535999002200558546005100580990002200631INLIS00000000086108520210615095322 a0010-0621000620ta210615s2020 yoi fr 0 ind d a978-623-7707-68-4 aYOPDYOGbinderda04223a297.36 a297.36 MUH k aCB-D.11 2020-31350 aMuhammad Ali Nafiah Lubisd1980-epenulis10aKumpulan khutbah Jum'at /cpenulis, Muhammad Ali Nafiah Lubis aCetakan pertama, Agustus 2020 aix, 394 halaman ;c23 cm 4aKhotbah Jum'at aYOPDYOG0 aindgara aBibliografi: halaman 39431aSleman :bZahir Publishing,c2020 2rdacontentateks 2rdamediaatanpa perantara 2rdacarrieravolume aCB-D.11/2020-3135 aTeks terdapat bahasa Indonesia dan bahasa Arab aCB-D.11/2020-3135